000 01138cam a22003257a 4500
001 16764554
003 OSt
005 20150408114013.0
008 110505r20101992mauabf b 000 0 eng d
010 _a 2011420458
020 _a9780674058170 (pbk.)
020 _a0674058178 (pbk.)
035 _a(OCoLC)ocn691398594
040 _aERL
_cERL
_dYDXCP
_dMRB
_dCDX
_dDLC
042 _alccopycat
050 0 0 _aQH313
_b.W55 2010
082 0 0 _a333.9516
_223
100 1 _aWilson, Edward O.
_910702
245 1 4 _aThe diversity of life /
_cEdward O. Wilson.
250 _a1st Harvard University Press pbk. ed.
260 _aCambridge, Mass. :
_bBelknap Press of Harvard University Press,
_c2010, c1992.
300 _axii, 424 p., [16] p. of plates :
_bill., maps ;
_c24 cm.
490 1 _aQuestions of science
500 _aWith a new preface, dated 20 May 2010.
650 0 _aBiodiversity.
_910552
650 0 _aBiodiversity conservation.
_910703
830 0 _aQuestions of science.
_910704
942 _2ddc
_cBOOK
999 _c21456
_d255956